<?xml version="1.0" encoding="UTF-8"?>
<record
    xmlns:xsi="http://www.w3.org/2001/XMLSchema-instance"
    xsi:schemaLocation="http://www.loc.gov/MARC21/slim http://www.loc.gov/standards/marcxml/schema/MARC21slim.xsd"
    xmlns="http://www.loc.gov/MARC21/slim">

  <leader>00591nam a22001931i 4500</leader>
  <controlfield tag="001">16844</controlfield>
  <datafield tag="090" ind1=" " ind2=" ">
    <subfield code="a">16844</subfield>
  </datafield>
  <datafield tag="010" ind1=" " ind2=" ">
    <subfield code="a">9789727668816</subfield>
  </datafield>
  <datafield tag="100" ind1=" " ind2=" ">
    <subfield code="a">20170304u        u  u0frey50      ba</subfield>
  </datafield>
  <datafield tag="101" ind1="0" ind2=" ">
    <subfield code="a">por</subfield>
  </datafield>
  <datafield tag="200" ind1="1" ind2=" ">
    <subfield code="f">F&#xE1;tima Sobral</subfield>
    <subfield code="a">O imagin&#xE1;rio no campo</subfield>
  </datafield>
  <datafield tag="215" ind1=" " ind2=" ">
    <subfield code="a">11, [1] p.</subfield>
    <subfield code="c">todo il.</subfield>
    <subfield code="d">16x16 cm</subfield>
  </datafield>
  <datafield tag="702" ind1=" " ind2="1">
    <subfield code="a">Marques</subfield>
    <subfield code="b">S&#xF3;nia</subfield>
    <subfield code="4">440</subfield>
  </datafield>
  <datafield tag="700" ind1=" " ind2="1">
    <subfield code="a">Sobral</subfield>
    <subfield code="b">F&#xE1;tima</subfield>
    <subfield code="4">070</subfield>
    <subfield code="9">3315</subfield>
  </datafield>
  <datafield tag="210" ind1=" " ind2=" ">
    <subfield code="c">Impala</subfield>
    <subfield code="a">Queluz</subfield>
    <subfield code="d">cop. 2005</subfield>
  </datafield>
  <datafield tag="225" ind1="2" ind2=" ">
    <subfield code="a">O imagin&#xE1;rio</subfield>
  </datafield>
  <datafield tag="410" ind1=" " ind2="0">
    <subfield code="t">O imagin&#xE1;rio</subfield>
  </datafield>
  <datafield tag="996" ind1=" " ind2=" ">
    <subfield code="f">0021491</subfield>
    <subfield code="k">SOB Inf</subfield>
    <subfield code="m">00000000</subfield>
    <subfield code="n">00000000</subfield>
    <subfield code="a">BMVAAL</subfield>
    <subfield code="b">3</subfield>
    <subfield code="v">Alc&#xE1;&#xE7;ovas</subfield>
    <subfield code="x">Literatura Infantil</subfield>
    <subfield code="y">35</subfield>
    <subfield code="e">Livro</subfield>
    <subfield code="1">0</subfield>
    <subfield code="3">1</subfield>
  </datafield>
  <datafield tag="990" ind1=" " ind2=" ">
    <subfield code="c">LIVROS</subfield>
  </datafield>
  <datafield tag="995" ind1=" " ind2=" ">
    <subfield code="0">0</subfield>
    <subfield code="1">0</subfield>
    <subfield code="9">23374</subfield>
    <subfield code="b">BMVA</subfield>
    <subfield code="d">BMVAAL</subfield>
    <subfield code="f">0023037</subfield>
    <subfield code="k">087.5 SOB </subfield>
    <subfield code="o">0</subfield>
    <subfield code="r">LIVROS</subfield>
    <subfield code="u">0-5 anos</subfield>
  </datafield>
</record>
